000 00532nam a2200193Ia 4500
003 OSt
005 20250401161007.0
008 210210b1946 xxu||||| |||| 00| 0 eng d
040 _cAL
041 _ahin
082 _a862/86
100 _aBHATNAGAR (Ramnath)
_9207242
110 _bभटनागर रामनाथ
_9207244
245 _aPrabhandh purnima:
_bप्रबंध पूर्णिमा
260 _aIllahabad
_bKitab Mahal
_c1946
690 _aHindi Prose
_9207243
906 _a023329
942 _2ddc
_cBK
999 _c148287
_d148287